000 00411cam a2200169ua 4500
041 _aeng
_h
082 _a542
_bBRU/PR
100 _aBruce, James .
245 _aPractical chemistry /
_cJames Bruce.
_hTextual Documents
250 _a5 /
_b.
260 _aNew York :
_bMcMillan Publishing Co ,
_c1962.
300 _a509 ; .
504 _a
700 1 _aHarper, Harry.
942 _cBK
999 _c9561
_d9561